000 00438 a2200157 4500
001 159314
020 _a
040 _cMagnum
100 _aMello, Antenor Vieira de
240 1 0 _aNova enciclopedia da lingua portuguesa/v.8 - dicionario de sinonimos
_lpor
245 1 0 _aNova enciclopedia da lingua portuguesa/v.8 - dicionario de sinonimos
362 0 _a1899
440 1 _aDo Brasil
697 _aMAGNITO: ENCICLOPEDIAS
942 _cBK
999 _c159314
_d159314